00358nam a2200145Ia 4500003000400000005001700004008004100021040001800062041000800080100004700088110001800135245001400153260002100167710002400188OSt20260317115512.0211028s2017 xx 000 0 und d cAIMIT LIBRARY aeng aPoonja, Prajwal; D' Souza, Mithun.g141730 aNausheeda B S aE- Kart / aManga;lorec2017 a3iCube Technologies